000 00713cam a22002531a 4500
001 9027
003 BD-RjUL
005 20211208234713.0
008 140120s1949 enka 001 0 eng d
035 _a(BD-RjUL)9072
040 _aLC
_beng
_cLC
_dLC
_dBD-RjUL
041 _aeng
082 0 4 _a535.84
_bJOI 1949
100 1 _aJohnson, Raynor C.
_q(Raynor Carey)
_928020
245 1 3 _aAn introduction to molecular spectra. /
_cby Raynor C. Johnson
260 _aLondon :
_bMethuen,
_c1949.
300 _axiii, 296 p. :
_bdiagrs.
_c23 cm.
504 _aIncludes index.
650 0 _aSpectrum analysis.
_927266
650 0 _aMolecules.
_925784
942 _2ddc
_cBK
999 _c9027
_d9027